Reflexiones sobre el modo de producción colonial latinoamericano

Αποθηκεύτηκε σε:
Λεπτομέρειες βιβλιογραφικής εγγραφής
Κύριος συγγραφέας: Malavé Mata, Héctor
Μορφή: Κείμενο
Έκδοση: México :
Ετικέτες: Προσθήκη ετικέτας
Δεν υπάρχουν, Καταχωρήστε ετικέτα πρώτοι!

MARC

LEADER 00000 a a2200000 04500
001 16655
003
040
090 |a 011700  
100 |a Malavé Mata, Héctor  
245 |a Reflexiones sobre el modo de producción colonial latinoamericano  
260 |a México :  
300 |a pp 73-10  
999 |c 11464  |d 11464